[Event "Ciocaltea Memorial"]
[Site "Bucharest"]
[Date "2000.03.12"]
[Round "9"]
[White "Motylev, Alexander"]
[Black "Miljanic, Boro"]
[Result "1-0"]
[WhiteElo "2552"]
[BlackElo "2429"]
[Annotator "Bangiev,A"]
[PlyCount "53"]
[EventDate "2000.03.13"]
[EventType "tourn"]
[EventRounds "13"]
[EventCountry "ROU"]
[EventCategory "10"]
[SourceTitle "CBM 077"]
[Source "ChessBase"]
[SourceDate "2000.07.27"]
[SourceVersion "1"]
[SourceVersionDate "2000.07.27"]
[SourceQuality "1"]

1. e4 e6 2. d4 d5 3. e5 c5 4. c3 Nc6 5. Nf3 Qb6 6. a3 Nh6 7. b4 cxd4 8. cxd4
Nf5 9. Bb2 Bd7 (9... Be7 10. Bd3 $1) (9... a5 10. b5 a4 11. g4 Nfe7 12. Nc3 Nb8
13. Bd3 Nd7 14. O-O {/\Na4}) 10. h4 Be7 (10... h5 11. g3 Rc8 12. Qd2 Be7 13.
Bh3 $1) 11. h5 $1 {[%mdl 8]} (11. g4 Nh6 12. Rg1 f6 $1 $132) 11... Rc8 (11...
O-O 12. Bd3 Rfc8 13. Qd2) (11... O-O-O $5) 12. Qd2 (12. Bd3 $2 Ncxd4) 12... O-O
(12... a6 13. g4 Nh6 14. Rg1 $36) 13. Bd3 (13. h6 $6 Nxh6 14. Bd3 f5) 13...
Ncxd4 $6 (13... a6 14. Bc2 $1 {/\g4 gefolgt von Qd3} f6 $1 (14... Na7 15. Nc3
Qc6 (15... Nb5 16. Bxf5 $1) 16. g4 Nh6 (16... Nb5 17. gxf5 Nxc3 18. f6 $18) 17.
Qd3 $18) 15. g4 Nh6 16. exf6 (16. Qd3 $6 f5) 16... Rxf6 $1 (16... Bxf6 17. Qd3
$40) 17. Qd3 Rxf3 $1 18. Qxf3 Nxd4 19. Bxh7+ Kh8 $13) 14. Nxd4 Nxd4 15. Bxd4
Qxd4 16. Bxh7+ Kxh7 17. Qxd4 Rc1+ 18. Ke2 Rxh1 $13 19. Nd2 Bb5+ (19... Rxa1 20.
Qxa1) 20. Ke3 Bg5+ (20... Bd8 21. Rxh1 Bb6 22. Nb3 Bxd4+ 23. Nxd4 $14) 21. f4
Bxf4+ $2 {[%mdl 8192]} (21... Bd8 22. Nb3 Bb6 23. Rxh1 (23. Nc5 Rxh5) 23...
Bxd4+ 24. Nxd4 $14) 22. Kxf4 Rh4+ 23. g4 $18 Rh3 24. Qc5 g5+ 25. hxg6+ Kg7 26.
Qxb5 Kh6 27. Qc5 1-0

[Event "DPMM 9899"]
[Site "Lippstadt"]
[Date "1999.01.24"]
[Round "?"]
[White "Bangiev, Alexander J"]
[Black "Nikolic, Predrag"]
[Result "1-0"]
[WhiteElo "2395"]
[BlackElo "2640"]
[Annotator "Bangiev,A"]
[PlyCount "103"]
[EventDate "1998.??.??"]
[EventType "team"]
[EventRounds "1"]
[EventCountry "GER"]
[SourceTitle "CBM 069"]
[Source "ChessBase"]
[SourceDate "1999.04.01"]
[SourceVersion "1"]
[SourceVersionDate "1999.04.01"]
[SourceQuality "1"]

1. e4 e6 2. d4 d5 3. e5 c5 4. c3 Nc6 5. Nf3 Bd7 6. Be2 Nge7 7. Na3 Ng6 8. Nc2
Be7 9. O-O (9. Bd3 c4 10. Be2 f6 11. exf6 Bxf6 12. b3 cxb3 13. axb3 O-O 14. O-O
h6 15. Bd3 {0-1 Adams,M-Nikolic,P/New York 1994/(66)}) 9... O-O 10. Rb1 a5 11.
Be3 cxd4 12. cxd4 Qb6 (12... Nb4 13. Nxb4 (13. a3 Nxc2 14. Qxc2 Qb6) 13... axb4
14. Ra1 $14) 13. a3 a4 14. Bd3 Na5 {/\Bb5} 15. Qe2 Nb3 {[%tqu "De","Weiß steht
am Königsflügel wesentlich aktiver. Wie soll es weiter gehen?","","","h2h4",
"Dieser aktive Bauernzug entspricht am besten der Anforderungen dieser
Stellung: der aktiven weißen Strategie am Königsflügel.",10]} 16. h4 {Dieser
aktive Bauernzug entspricht am besten den Anforderungen dieser Stellung: der
aktiven weißen Strategie am Königsflügel.} Rfc8 17. h5 Nf8 18. Nh2 {/\Ng4-f6
bzw. -h6} (18. Ng5 $6 Rc7) 18... Kh8 (18... Ra5 19. Ng4 (19. Qg4 Bb5 20. Bh6 g6
) 19... Bb5 20. Rfd1 (20. Nh6+ gxh6 21. Qg4+ Kh8 22. Bxh6 Ng6 $17) 20... Bxd3
21. Rxd3 $13) 19. Ng4 Be8 (19... Rc7 20. Qf3 Rac8 21. h6 $5 $36) 20. Rfd1 (20.
Qf3 Rc7 (20... Rxc2 $5 21. Bxc2 Nxd4 22. Bxd4 Qxd4 23. Rfd1 Qc5 $44) 21. Rfd1 (
21. Nf6 $6 Bb5 $1) 21... Rac8 {-> ist Zugumstellung}) 20... Rc7 21. Qf3 (21.
Nf6 gxf6 22. Bh6 f5 23. Qe3 Nd7 $19) 21... Rac8 22. Nf6 $6 (22. Ne1 $5 Nxd4 $6
(22... h6 {Nikolic}) 23. Qf4 Bc5 24. h6 $40 Nf5 25. Bxf5 exf5 26. hxg7+ Kxg7
27. Bxc5 Rxc5 28. Ne3 $14) 22... Bb5 (22... gxf6 $2 23. exf6 Bd8 24. Qf4 $1 Nd7
25. Qh6 $18) 23. Bxb5 (23. Ne1 $5 Bd8 $1 (23... Bxd3 24. Nxd3 gxf6 25. exf6 Bd8
26. Ne5 $40) (23... gxf6 24. exf6 Bd8 25. Qf4 Nd7 26. Qh6 Nxf6 27. Bg5 Bxd3 28.
Bxf6+ Bxf6 29. Qxf6+ Kg8 30. Rxd3 $40) 24. Qg4 {/\Bh6} gxf6 25. Bh6 Ng6 26.
hxg6 fxg6 27. Bxb5 Qxb5 28. Qxe6 {-> Text}) 23... Qxb5 24. Ne1 Bd8 $1 (24...
gxf6 $2 25. exf6 Bd8 26. Bh6 Nd7 27. Bg7+ Kg8 28. Qg4 $18) 25. Qg4 (25. Bh6
gxh6 26. Qg3 Ng6 27. hxg6 Bxf6 28. exf6 hxg6 29. Qh2 (29. Qf4 Kh7 30. Nf3 Qe8
$13) 29... Kh7 30. Nf3 h5 31. Qf4 $13) 25... gxf6 26. Bh6 Ng6 27. hxg6 fxg6 (
27... hxg6 28. Qh4 Kg8 29. exf6 $18) 28. Qxe6 Qc6 (28... Qd7 29. Qxd7 Rxd7 30.
Nf3 $13) 29. Qh3 $1 (29. Qxc6 $2 bxc6 30. Nf3 Kg8 $15) 29... Qd7 30. Qf3 $6 (
30. Qxd7 $142 Rxd7 31. Nf3) 30... Qe6 $1 31. Qf4 {/\Nf3} g5 $1 $36 (31... Rf7
32. Nf3) 32. Qh2 $5 (32. Qe3 Rc6 $15) 32... Rf7 (32... Rc6 $6 33. Qh5 $1 (33.
Nf3 $2 g4 $17) 33... fxe5 34. dxe5 Qxh6 $2 (34... g4 $5) 35. Qe8+ Kg7 36. Rxd5
$16) {[%tqu "De","Um den wichtigen Punkt e5 zu stärken und die Stellung zu
verbessern ist es nötig, den Springer auf e1 ins Spiel zu bringen, am besten
auf f3. Wie macht man das?","","","e5f6","Dieser einfache und logische Zug
soll den Punkt e5 für den Springer e1 freimachen.",6,"e1f3","",0]} 33. exf6 $5
(33. Nf3 $2 g4) 33... Bxf6 34. Nf3 Rg8 (34... Qf5 $5) 35. Qh5 $5 Bd8 $1 {
/\..Bb6 -> Punkt f2} 36. Re1 Qf5 37. Rbd1 {/\Re5} g4 $8 38. Qxf5 Rxf5 39. Ne5 (
39. Nh2 Bf6 40. Be3 h5 41. Nf1 h4 $36) 39... g3 $2 $138 (39... Bb6 40. Be3 h5
41. Re2 $13) 40. fxg3 Bb6 41. g4 $16 Nxd4 42. gxf5 Nxf5+ 43. Kh1 Nxh6 44. Rxd5
$18 Rg5 45. Rd3 Kg8 46. Re4 Bc7 47. Nf3 Rh5+ 48. Rh4 Rxh4+ 49. Nxh4 Be5 50.
Rd8+ Kf7 51. Rd7+ Ke6 52. Rxb7 {[%mdl 8704]} 1-0

[Event "Olympiad-32"]
[Site "Yerevan"]
[Date "1996.09.24"]
[Round "8.4"]
[White "Onischuk, Alexander"]
[Black "Roca, Petronio"]
[Result "0-1"]
[WhiteElo "2605"]
[BlackElo "2350"]
[Annotator "Belov,I"]
[PlyCount "82"]
[EventDate "1996.09.15"]
[EventType "team-swiss"]
[EventRounds "14"]
[EventCountry "ARM"]
[SourceTitle "CBM 055"]
[Source "ChessBase"]
[SourceDate "1996.12.01"]
[SourceVersion "1"]
[SourceVersionDate "1996.12.01"]
[SourceQuality "1"]
[WhiteTeam "Ukraine"]
[BlackTeam "Philippines"]
[WhiteTeamCountry "UKR"]
[BlackTeamCountry "PHI"]

1. e4 c5 2. c3 e6 3. d4 cxd4 4. cxd4 d5 5. e5 Nc6 6. Nf3 Nge7 7. Bd3 Nf5 8.
Bxf5 exf5 9. Nc3 Be6 10. a3 (10. O-O Be7 (10... h6 11. Ne1 Be7 12. f4 g5 13.
Nc2 Qb6 14. Qd3 O-O-O 15. Bd2 $14 {Zaitsev,I-Volke,K/Podolsk/1991/1:0/52/}) 11.
Ne1 Rc8 12. Nc2 O-O 13. Qd3 Qd7 14. f4 a6 15. Bd2 f6 $10 {Zaitsev,I-Moskalenko,
V/Moscow/1992/0,5/33/}) (10. Ne2 Be7 (10... Qb6 11. Nf4 h6 12. h4 g6 13. Kf1
Be7 14. g3 O-O-O 15. Kg2 Kb8 16. Rb1 $14 {Sax,Gy-Gurevich,M/GER/1993/0,5/22/})
11. h4 h6 12. Nf4 (12. h5 Qb6 13. Nf4 Rc8 14. a3 Na5 15. b4 Nc4 16. Rh3 a5 $17
{Kharlov,A-Kuporosov,V/Helsinki/1992/0:1/33/}) 12... Qb6 13. h5 Rc8 14. O-O O-O
15. Re1 Rc7 16. Re2 Rfc8 $10 {Keitlinghaus,L-Kuporosov,V/Lazne Bohdanec/1994/0,
5/48/}) 10... Be7 (10... Rc8 11. Qa4 Be7 12. h4 h6 13. b4 O-O 14. Ne2 Qb6 15.
Bd2 a6 16. O-O Na7 $15 {Edelman,D-Libeau/Muenster/1994/0:1/54/}) 11. h4 h6 12.
b4 $6 Qd7 13. Ne2 b5 $1 14. Nf4 a5 $5 (14... g6 15. Nd3 a5 16. Rb1 axb4 17.
axb4 Ra4 18. Bd2 $13) 15. bxa5 Nxa5 16. Nh5 Kf8 (16... g6 17. Nf6+ Bxf6 18.
exf6 Nc4 19. O-O $36) 17. Rh3 f4 $1 (17... Nc4 18. Rg3 g6 (18... Rg8 19. Nxg7
Rxg7 20. Bxh6 $16) 19. Nf6 Bxf6 20. exf6 Qd8 21. Qb3 Qxf6 22. Qxb5 Kg7 23. Bf4
$36) 18. Rh1 Nc4 19. Nxf4 (19. Qb3 $5) 19... Nxa3 20. Bxa3 Rxa3 21. Rxa3 Bxa3
22. Qd3 b4 $1 $17 (22... Be7 23. Ke2 g6 24. Rc1 $132) 23. Nxe6+ Qxe6 24. Qb5 g6
25. Kf1 $6 (25. Ke2 Kg7 26. Rd1 Rc8 27. Kf1 $5) 25... Kg7 26. Kg1 Rc8 27. Kh2
Qc6 (27... Rc2 $5 28. Rf1 Qc6 $17) 28. Qe2 Qc2 29. Qa6 Qc6 30. Qe2 Qc4 31. Qe1
b3 $1 (31... Rc6 $5) 32. e6 Bd6+ 33. g3 Re8 34. Ne5 Rxe6 $1 (34... Bxe5 35.
exf7 Kxf7 36. dxe5 b2 $17) 35. Nxc4 Rxe1 36. Rxe1 dxc4 $19 37. Rb1 Ba3 38. d5
b2 39. d6 c3 40. d7 Be7 41. Re1 Bf6 0-1

[Event "Rubinstein Memorial"]
[Site "Polanica Zdroj"]
[Date "1993.??.??"]
[Round "4"]
[White "Hansen, Lars Bo"]
[Black "Gdanski, Jacek"]
[Result "1/2-1/2"]
[WhiteElo "2560"]
[BlackElo "2485"]
[Annotator "Belov,I"]
[PlyCount "107"]
[EventDate "1993.08.??"]
[EventType "tourn"]
[EventRounds "11"]
[EventCountry "POL"]
[EventCategory "13"]
[SourceTitle "CBM 037"]
[Source "ChessBase"]
[SourceDate "1993.12.01"]
[SourceVersion "1"]
[SourceVersionDate "1993.12.01"]
[SourceQuality "1"]

1. e4 e6 2. d4 d5 3. e5 c5 4. c3 Nc6 5. Nf3 Nge7 $5 6. Na3 (6. Bd3 cxd4 7. cxd4
Nf5 8. Bxf5 exf5 9. Nc3 Be6 (9... Bb4 $5 10. Bd2 Bxc3 11. Bxc3 Be6 12. Qd2 a5
$1 13. a4 h6 $10 {Sveshnikov,E-Chernin,A Sochi 1986/}) 10. Ne2 (10. h4 h6 11.
Bf4 Qb6 12. Qe2 a6 13. Rd1 O-O-O $10 {Edelman,D-Glek,I Philadelphia 1990 Inf
50/292/}) 10... Be7 11. h4 h6 12. Nf4 Rc8 13. Rh3 $14 {Nun,Ji-Zaichik,G
Polanica Zdroj 1989/}) (6. a3 Nf5 (6... cxd4 7. cxd4 Nf5 8. Nc3 Be7 9. Bb5 $1
Bd7 10. Ba4 Qb6 11. Ne2 $14 {Romanishin,O-Razuvaev,Y Moscow 1985/}) 7. b4 cxd4
8. cxd4 Qb6 9. Bb2 Be7 10. Bd3 a5 $1 11. Bxf5 exf5 12. Nc3 Be6 13. b5 a4 $1 $13
{Sveshnikov,E-Moskalenko,V Norilsk 1987/}) 6... cxd4 7. cxd4 Nf5 8. Nc2 Qb6 9.
Be2 (9. Bd3 $5 Bb4+ 10. Kf1 Be7 11. h4 h5 12. g3 a5 13. Kg2 Bd7 14. Bxf5 exf5
15. Bg5 $14 {Malaniuk,V-Lputian,S SSSR 1986/}) 9... Bb4+ 10. Kf1 Be7 11. h4 h5
12. Rh3 (12. Bd3 g6 13. Rh3 Bd7 14. Kg1 Rc8 15. Bxf5 exf5 16. Ng5 $14 {Antonio,
R-Temirbaev,S Kuala Lumpur 1993/}) (12. g3 Bd7 13. Kg2 Rc8 $10) 12... Bd7 13.
Rb1 Nb4 (13... Na5 14. Bg5 Bb5 15. b3 Bxe2+ 16. Qxe2 Qa6 $10) 14. Nxb4 Qxb4 15.
a3 Qb6 16. a4 Rc8 $10 (16... a5 $5) 17. Bd3 g6 (17... Nxd4 $2 18. Be3 Bc5 19.
b4 $18) 18. b3 a5 19. Bb2 Kf8 20. g3 Kg7 21. Kg2 Rb8 $1 22. Rh1 Rhc8 (22... Qd8
23. Qe2 $10) 23. Bc1 $5 Qd8 24. Qd2 Kg8 25. Qf4 $6 (25. Qe2 $5) 25... Rc3 $1
26. Bxf5 exf5 27. Bd2 Rcc8 28. Rhc1 b5 $17 29. axb5 Rxb5 30. Qh6 Bf8 31. Qe3
Rcb8 32. Ng5 (32. Qc3 Qb6 $17) 32... a4 $1 (32... Be6 $6 33. Nxe6 fxe6 34. Rc6
Qd7 35. Rbc1 $16) 33. e6 fxe6 34. Nxe6 f4 $1 35. Qd3 (35. Nxf4 Rxb3 36. Rxb3
Rxb3 37. Qe2 Bf5 $17) 35... f3+ $1 36. Kh2 Qf6 37. Nxf8 Rxf8 38. bxa4 (38. Bg5
Qe6 39. Kg1 Rxb3 40. Rxb3 axb3 $19) 38... Rxb1 39. Rxb1 $2 Kh7 $2 (39... Bf5
40. Qb5 Bxb1 41. Qxb1 Kh7 $19) 40. Rb7 Qe6 41. Kg1 Rf7 42. Qf1 $1 $10 (42. a5
$2 Qh3 43. Qf1 Qxf1+ 44. Kxf1 Bh3+ $19) 42... Bxa4 43. Rxf7+ Qxf7 44. Qa6 Bd7
45. Qd6 Bg4 46. Be3 Bd7 47. Qa3 Qe6 48. Qf8 Qf5 (48... Qh3 49. Qf7+ Kh8 50.
Qf8+ $10) 49. Qe7+ Kg8 50. Bh6 Qf7 51. Qa3 Qf5 52. Qe7 Qf7 53. Qa3 Qf5 54. Qe7
1/2-1/2

[Event "RUS-ch"]
[Site "Elista"]
[Date "1994.??.??"]
[Round "6"]
[White "Sveshnikov, Evgeny"]
[Black "Kiriakov, Petr"]
[Result "1/2-1/2"]
[WhiteElo "2585"]
[BlackElo "2470"]
[Annotator "Belov,I"]
[PlyCount "82"]
[EventDate "1994.09.??"]
[EventType "swiss"]
[EventRounds "11"]
[EventCountry "RUS"]
[SourceTitle "CBM 044"]
[Source "ChessBase"]
[SourceDate "1995.02.01"]
[SourceVersion "1"]
[SourceVersionDate "1995.02.01"]
[SourceQuality "1"]

1. e4 e6 2. d4 d5 3. e5 c5 4. c3 Nc6 5. Nf3 Bd7 6. Be2 Nge7 7. Na3 cxd4 8. cxd4
Nf5 9. Nc2 Qb6 10. O-O Na5 (10... Rc8 11. g4 Nfe7 12. Nh4 Nb4 13. Nxb4 Qxb4 14.
f4 Nc6 (14... Bb5 15. Qd2 $1 Qa4 16. b3 Qa6 17. Bxb5+ Qxb5 18. f5 Nc6 19. Bb2
$14 {Sveshnikov,E-Ulibin,M/Rus/1992/}) 15. Be3 Be7 16. Ng2 $14 {Sveshnikov,
E-Gleizerov,E/RUS/1992/0:1/44/}) (10... a5 11. g4 Nfe7 12. Nh4 Ng6 13. Ng2 Be7
14. f4 O-O 15. Be3 f5 16. exf6 Rxf6 17. h4 Bd6 18. h5 Nge7 19. Bd3 Rf7 $1 20.
Qe2 a4 21. Rab1 Raf8 $13 {Yagupov,I-Piskov,Y/Rostov/1993/}) 11. g4 Ne7 12. Nfe1
Bb5 13. Nd3 h5 $1 14. gxh5 (14. b4 Nac6 15. a4 Bc4 16. a5 Qc7 17. gxh5 Nf5 18.
Be3 Bb3 19. Qb1 Bxc2 20. Qxc2 Qd8 $13 {Van der Werf,M-Hansen,L.B/Wijk aan Zee/
1993/}) 14... Nf5 15. Be3 Rc8 $1 {N/} (15... Nc4 16. a4 Ncxe3 17. fxe3 Bc4 18.
Nf4 Bb3 19. Bb5+ Kd8 20. Qe2 Bxc2 21. a5 $1 Qc7 22. Rfc1 $16 {Sveshnikov,
E-Dolmatov,S/URS/1992/0,5/53/}) 16. b4 Nc6 17. a4 Bc4 (17... Bxd3 18. Bxd3 Nxb4
$2 19. a5 Qc6 20. Nxb4 Bxb4 21. Rc1 Qd7 22. Rxc8+ Qxc8 23. Qa4+ $18) 18. Rb1
Qd8 $1 19. Nf4 Bxe2 20. Qxe2 Qh4 21. h3 Be7 22. Qg4 (22. Rb2 $6 Bg5 23. Qg4
Bxf4 24. Qxh4 Nxh4 25. Bxf4 Nf3+ $17) 22... Nxe5 23. dxe5 Rxc2 24. Rbc1 Qxg4+ (
24... Rxc1 25. Rxc1 Kd7 26. Nxd5 Qxg4+ 27. hxg4 exd5 28. gxf5 Rxh5 $13) 25.
hxg4 Nxe3 26. fxe3 Rxc1 27. Rxc1 Kd7 $15 28. Kf2 b6 (28... Bxb4 29. Rb1 a5 30.
Nd3 $10) 29. b5 Bd8 $6 (29... Ra8 $5) 30. e4 Bg5 31. Kf3 dxe4+ 32. Kxe4 Ra8 33.
Rf1 Ke8 34. Nh3 Be7 35. g5 $132 Rc8 (35... a6 36. h6 gxh6 37. gxh6 axb5 38. Nf4
$1 Rxa4+ 39. Kf3 Kf8 40. Rg1) 36. Kd3 (36. h6 $2 gxh6 37. gxh6 Rc4+ 38. Kf3 Rh4
$17) 36... Rd8+ 37. Ke4 Rc8 38. Kd4 Rd8+ 39. Kc4 Rc8+ 40. Kd3 Rd8+ 41. Ke4 Rc8
1/2-1/2

[Event "Rilton Cup 35th"]
[Site "Stockholm"]
[Date "2005.12.30"]
[Round "4.1"]
[White "Rozentalis, Eduardas"]
[Black "Berg, Emanuel"]
[Result "1/2-1/2"]
[WhiteElo "2585"]
[BlackElo "2540"]
[Annotator "Berg,E"]
[PlyCount "70"]
[EventDate "2005.12.27"]
[EventType "swiss"]
[EventRounds "9"]
[EventCountry "SWE"]
[SourceTitle "CBM 110 Extra"]
[Source "ChessBase"]
[SourceDate "2006.03.10"]
[SourceVersion "2"]
[SourceVersionDate "2006.03.10"]
[SourceQuality "1"]

1. e4 e6 2. d4 d5 3. e5 ({I was awaiting} 3. Nd2 {as Rozentalis usually uses
against the French.}) 3... c5 4. c3 Nc6 5. Nf3 Qb6 {Normally I play 5...Bd7
here, but I had prepared another variation to surprise my opponent with.} 6. a3
Nh6 {Probably this was the move that surprised my opponent mostly.} (6... c4 {
is usually played.}) 7. b4 cxd4 8. Bxh6 $6 {White takes the chance to exchange
the knight before it reaches f5. Black gets a bad pawn structure, but on the
other hand white gives away the pair of bishops. In my opinion that is more
than compensation for the structural weaknesses. Instead white should play} (8.
cxd4 Nf5 9. Bb2 Bd7 10. g4 Nh6 11. h3 (11. Rg1 $5) 11... f6 {With an
interesting game. This happened in Shirov-Berg in the rapid tournament Keres
Memorial in Tallin right after Rilton Cup. It was an interesting game which I
later on went on to win.}) 8... gxh6 9. cxd4 Bg7 (9... Bd7 {is a better move
order as it prevents} 10. Nc3 $2 {that will be met by} Nxb4 $1 11. axb4 Bxb4
12. Qb3 Rc8 13. Rc1 Qa5 14. Kd2 O-O {and black has a superior position.}) 10.
Nc3 O-O 11. Bb5 {White is playing creative. The idea is to exchange the bishop
against blacks knight on c6. If he manage to do this without allowing any
counterattack he will have nice control over the black squares.} a5 $1 {
A strong move breaking up the white queenside. An opening of the position will
also mean more space for the pair of bishops as will also growin strenght for
each exchange of pawns.} 12. bxa5 Qxa5 13. Qd2 Bd7 {Developing with tempo. Now
...Nxe5 is a threat winning a pawn and white must take on c6 not too loose
even more time.} 14. Bxc6 bxc6 $1 {Black takes back with the pawn, preparing ..
.c5 breaking up the white center. White gets a distant pawn on the a-file, but
that´s not at all important at this part of the game. The a3-pawn is a weak
one that will be dificult to hold.} 15. O-O c5 16. Qe3 Rfc8 $1 {Black remains
the tension in the center to keep the posibility of a later ...c4.} 17. Ne2 {
White is on the way with his knight over to the kingside creating an attack.}
Bb5 $1 {Pinning the white knight on e2. After exchangeing the bishop for the
knight black will have a small but clear advantage.} 18. dxc5 {Playing this
move my opponent offered a draw. But having a better position and no real risk
of loosing I naturally decided to play on.} Bxe2 19. Qxe2 Rxc5 20. Ne1 $1 {
Rozentalis understood the limitation of his position and choose to give up his
a3-pawn in order to build up a fortress with the knight on d3 and pawns on f4
and e5. Trying to protect the a3 would only cost him time and in the end it
would have gone lost nevertheless.} Rc3 21. Nd3 Qb5 22. Rfd1 Raxa3 ({An
interesting alternative was} 22... Bxe5 {to get rid of whites important
central pawn. But this also allows exchange of the light pieces, which is
favourable for white. Therefore I decided to keep the bishop and play with a
pawn up. A posible continuation is} 23. a4 Qc4 (23... Rxa4 $2 24. Rab1 Re4 25.
Qxe4 dxe4 26. Rxb5 Rxd3 27. Rxd3 exd3 28. Kf1 {gives white the advantage.}) 24.
Qxe5 Rxd3 25. Rxd3 Qxd3 26. Qg3+ Qxg3 27. hxg3 Ra5 28. Kf1 {and white should
make a draw with precise play. The idea is to bring the king over to b4 and
the swing the rook over to the h-file, picking up the black h-pawns.}) 23. Rxa3
Rxa3 24. f4 Qc4 {Puts some pressure to the white position. NOw ...Rxd3
followed by ...Qxf4 is a threat.} 25. g3 Bf8 ({It was possibly better to start
with} 25... h5 {trying to provoce more weaknesses on the white kingside.}) 26.
Rd2 Ra1+ $2 {with this move black looses most of his advantage. Instead} (26...
Be7 {ahould be played with the idea ...h5 keeping a small advantage to black.})
({Not} 26... h5 $2 27. Qxh5 Rxd3 28. Qg5+ {with perpetual checks.}) 27. Kg2
Qe4+ {This move forces the game and leads to a drawish ending, but its no
longer so easy for black to find any good continuation.} 28. Qxe4 dxe4 29. Nb2
{The only move. The white knight gets a bit offside, but unfortunately black
has no good way to make use of it.} (29. Nf2 e3 {looses a piece.}) 29... Bc5
30. Re2 Rc1 ({After} 30... Ra2 {with the threat ...Bd4 there will follow} 31.
Kf1 {and black cannot make any progress.}) 31. Na4 Bd4 32. Rxe4 Rc2+ 33. Kf1 $1
(33. Kf3 {also leads to a draw, but this gives black unnecessary chanses.})
33... Rc4 {Its not possible to keep the white knight out from the game any
longer, therefore I decided to force the draw.} 34. Nc3 $1 Rxc3 35. Rxd4 Rc2 {
Here I offered a draw. White has a small structural advantage, but as his king
is cut off he doesn't have any realistic winning chanses.} 1/2-1/2

[Event "EU-chT (Men) 10th"]
[Site "Debrecen"]
[Date "1992.11.??"]
[Round "8.2"]
[White "Kupreichik, Viktor D"]
[Black "Hertneck, Gerald"]
[Result "0-1"]
[WhiteElo "2545"]
[BlackElo "2530"]
[Annotator "Bulletin"]
[PlyCount "44"]
[EventDate "1992.11.20"]
[EventType "team-swiss"]
[EventRounds "9"]
[EventCountry "HUN"]
[SourceTitle "EU-chT"]
[Source "ChessBase"]
[SourceDate "1999.07.01"]
[SourceVersion "2"]
[SourceVersionDate "1999.07.01"]
[SourceQuality "1"]
[WhiteTeam "Belarus"]
[BlackTeam "Germany"]
[WhiteTeamCountry "BLR"]
[BlackTeamCountry "GER"]

1. e4 e6 2. d4 d5 3. e5 c5 4. c3 Nc6 5. Nf3 Qb6 6. Be2 cxd4 7. cxd4 Nh6 8. b3
Nf5 9. Bb2 Be7 10. O-O Bd7 11. g4 (11. Bd3 g5 $5 (11... Nfxd4 12. Nxd4 Nxd4 13.
Qg4 Bc5 14. Qxg7 O-O-O $132) 12. Bxf5 exf5 13. Nc3 Be6 14. Na4 Qd8 $13) 11...
Nh4 (11... Nh6 12. h3 f6 {/\ Nf7<=>}) 12. Nxh4 (12. Nbd2 $6 Ng6) 12... Bxh4 13.
Na3 (13. f4 O-O 14. Kg2 f6 $13 15. Kh3 $5 g5 16. f5) 13... O-O (13... f6 14.
Kg2 $1 (14. f4 $2 fxe5 15. fxe5 Nxe5 $17) (14. exf6 Bxf6 15. Nc2 O-O $15)) 14.
f4 f6 15. Kg2 $1 fxe5 (15... g5 $5) 16. dxe5 (16. fxe5 $2 Rxf1 17. Bxf1 Nxe5 $1
$17) 16... Rf7 $1 17. Qd2 Raf8 18. Nc2 $2 (18. g5 Qb4 19. Qxb4 (19. Bc1 Qe4+
20. Bf3 Qxf4 21. Qxf4 Rxf4 22. Bxf4 Rxf4 $17) 19... Nxb4 20. Bc1 $8 d4 {/\ Nd5}
21. Bc4 $1 b5 (21... Bc6+ 22. Kh3 Bxg5 23. Bd2 $1 $18) (21... h6 22. Bd2 Nc6
23. g6 Rf5 24. Bd3 Be8 25. Bxf5 Rxf5 26. Nb5 Bxg6 27. Nd6 $16) (21... Nd5 22.
Bxd5 exd5 23. Nc2 $1 Bb5 24. Rf3 (24. Rd1 Be2 25. Rxd4 Bxg5 $13) 24... Be2 25.
Nxd4 (25. Rh3 Rxf4 26. Bxf4 Rxf4 $44) 25... Bxf3+ 26. Nxf3 Rxf4 27. Bxf4 Rxf4
28. Rc1 $14) 22. Bxb5 (22. Nxb5 Nc2 23. Rb1 Bxg5 24. fxg5 (24. Nd6 Rxf4 25.
Bxf4 Bxf4 $44) 24... Rxf1 25. Bxf1 Ne1+ 26. Kg1 Nf3+ 27. Kh1 Bc6 28. Ba3 $1 (
28. Nxa7 Be4) 28... Rf5 29. Rc1 Nh4+ 30. Kg1 Nf3+ 31. Kg2 Nxe5+ $44) 22... Bxb5
23. Nxb5 Nc2 24. Rb1 Bxg5 25. Nd6 Rxf4 26. Bxf4 Bxf4 27. Nc4 $14) 18... g5 19.
fxg5 $2 (19. f5 $8 exf5 20. Qxd5 Nd8 (20... Nb4 $2 21. Nxb4 Qxb4 22. Kg1 $1 Bc6
23. Qd4 Qxd4+ 24. Bxd4 $16) 21. Nd4 fxg4 22. Rxf7 Rxf7 23. Bc4 (23. Rf1 Bf2 $3
$17) 23... Ne6 24. Rf1 Bf2 $3 25. Rxf2 Bc6 26. Rxf7 Bxd5+ 27. Bxd5 Kxf7 28.
Bxe6+ Ke8 29. Bxg4 Qa5 $17) 19... Rf2+ 20. Kh3 (20. Rxf2 Rxf2+ 21. Kh3 Rxh2+ $1
22. Kxh2 Qf2+ 23. Kh1 Bg3 $19) (20. Kh1 $8 Be8 $1 21. Rxf2 Rxf2 22. Nd4 (22.
Rf1 Bg6 $19) (22. Bd4 Rxe2 $19) 22... Bg6 23. Nf5 (23. Qe3 Be4+ 24. Kg1 Rxe2
$19) 23... Bxf5 24. gxf5 Rxh2+ $1 25. Kxh2 Qf2+ 26. Kh1 Bg3 $19) 20... R8f3+
21. Bxf3 Rxd2 22. Kxh4 Rxc2 0-1